header

Van planten en slakken (Record no. 6115)

MARC details
000 -LEADER
fixed length control field 01766nam a2200385 a 4500
001 - CONTROL NUMBER
control field ebr10702623
003 - CONTROL NUMBER IDENTIFIER
control field CaPaEBR
006 - FIXED-LENGTH DATA ELEMENTS--ADDITIONAL MATERIAL CHARACTERISTICS--GENERAL INFORMATION
fixed length control field m o u
007 - PHYSICAL DESCRIPTION FIXED FIELD--GENERAL INFORMATION
fixed length control field cr cn|||||||||
008 - FIXED-LENGTH DATA ELEMENTS--GENERAL INFORMATION
fixed length control field 111130s2010 ne ab sb 010 0 dut d
010 ## - LIBRARY OF CONGRESS CONTROL NUMBER
Canceled/invalid LC control number 2011523668
020 ## - INTERNATIONAL STANDARD BOOK NUMBER
Cancelled/invalid ISBN 9789088900518
Cancelled/invalid ISBN 9789088901751 (e-book)
040 ## - CATALOGING SOURCE
Original cataloging agency CaPaEBR
Transcribing agency CaPaEBR
035 ## - SYSTEM CONTROL NUMBER
System control number (OCoLC)844939588
041 0# - LANGUAGE CODE
Language code of text/sound track or separate title dut
-- eng
043 ## - GEOGRAPHIC AREA CODE
Geographic area code e-ne---
050 14 - LIBRARY OF CONGRESS CALL NUMBER
Classification number CC79.5.P5
Item number V36 2010eb
245 00 - TITLE STATEMENT
Title Van planten en slakken
Medium [electronic resource] :
Remainder of title bundel aangeboden aan Wim Kuijper als dank voor veertig jaar lesgeven en determineren = Of plants and snails : a collection of papers presented to Wim Kuijper in gratitude for forty years of teaching and identifying /
Statement of responsibility, etc editors, Corrie Bakels ... [et al.].
246 31 - VARYING FORM OF TITLE
Title proper/short title Of plants and snails : a collection of papers presented to Wim Kuijper in gratitude for forty years of teaching and identifying
260 ## - PUBLICATION, DISTRIBUTION, ETC. (IMPRINT)
Place of publication, distribution, etc Leiden :
Name of publisher, distributor, etc Sidestone Press,
Date of publication, distribution, etc c2010.
300 ## - PHYSICAL DESCRIPTION
Extent 279 p. :
Other physical details ill. (some col.), maps (some col.)
504 ## - BIBLIOGRAPHY, ETC. NOTE
Bibliography, etc Includes bibliographical references.
533 ## - REPRODUCTION NOTE
Type of reproduction Electronic reproduction.
Place of reproduction Palo Alto, Calif. :
Agency responsible for reproduction ebrary,
Date of reproduction 2013.
Note about reproduction Available via World Wide Web.
-- Access may be limited to ebrary affiliated libraries.
546 ## - LANGUAGE NOTE
Language note Text in English and Dutch.
650 #0 - SUBJECT ADDED ENTRY--TOPICAL TERM
Topical term or geographic name as entry element Plant remains (Archaeology)
Geographic subdivision Netherlands.
Topical term or geographic name as entry element Animal remains (Archaeology)
Geographic subdivision Netherlands.
Topical term or geographic name as entry element Snails
Geographic subdivision Netherlands.
Topical term or geographic name as entry element Paleoethnobotany
Geographic subdivision Netherlands.
655 #7 - INDEX TERM--GENRE/FORM
Genre/form data or focus term Electronic books.
Source of term local
700 1# - ADDED ENTRY--PERSONAL NAME
Personal name Kuijper, W. J.
Personal name Bakels, C. C.
710 2# - ADDED ENTRY--CORPORATE NAME
Corporate name or jurisdiction name as entry element ebrary, Inc.
856 40 - ELECTRONIC LOCATION AND ACCESS
Uniform Resource Identifier <a href="http://site.ebrary.com/lib/rucke/Doc?id=10702623">http://site.ebrary.com/lib/rucke/Doc?id=10702623</a>
Public note An electronic book accessible through the World Wide Web; click to view

No items available.

© 2026 Rongo University
Contact us: librarian | system librarian | Rongo university